Margaret zo zámku tragédia v troch dejstvách

Podrobná bibliografia
Hlavný autor: Králik, Štefan, 1909-1983 (Autor)
Ďalší autori: Rampák, Zoltán, 1920-1998 (Autor úvodu atď.)
Médium: Kniha
Jazyk:slovenčina
Fyzický popis:143, [4] s., [12] s. fot. príl. 8
Vydavateľské údaje: Bratislava Slovenský spisovateľ 1975
Vydanie:1. vyd.
Predmet:

MARC

LEADER 00000cam a2200000 a 4500
001 vtls008354123
003 SK-MaSNL
005 20260302052116.0
008 190102s1975 xo 000 slo
015 |a SKSNBA1975/09-02297 
035 |a SK01SNK19750046340 
035 |a SKM000048803 
040 |a SNK  |b slo  |c SNK  |e AACR2 
041 1 |a slo 
044 |a xo  |c SK 
080 |a 885.4-2  |2 1981 
100 1 |a Králik, Štefan,  |d 1909-1983  |4 aut  |9 115014 
245 1 0 |a Margaret zo zámku  |b tragédia v troch dejstvách  |c Štefan Králik ; doslov nap. Zoltán Rampák 
250 |a 1. vyd. 
260 |a Bratislava  |b Slovenský spisovateľ  |c 1975  |e Trnava  |f Polygrafické závody 
300 |a 143, [4] s., [12] s. fot. príl.  |c 8 
563 |a 1000 výtl. 
650 0 7 |a hry divadelné slovenské  |2 SNK  |9 289337 
655 7 |a umelecká literatúra  |2 SNKPH  |9 60405 
700 1 |a Rampák, Zoltán,  |d 1920-1998  |4 aui  |9 106868 
852 |a Slovenská národná knižnica v Martine  |b 10000  |h SC 37031 
852 |a Slovenská národná knižnica v Martine  |b 10000  |h SC 37031 D1 
919 |a viaz. 
958 |a OND 
958 |a TL 
958 |a RK 
958 |a LX 
999 |c 1103859  |d 1105789 
952 |a SNK  |b SNK  |y VYP  |7 0  |p 17A1186554  |o snkSC 37031 D1  |i snkKSP 5747/75  |0 0  |1 0  |4 0  |d 2016-11-29  |l 0  |r 2026-02-24 17:38:25  |w 2026-02-24